Uk rappers - Statistics

General Stats
  • This quiz has been taken 114 times
  • The average score is 6 of 11
Answer Stats
Picture Answer % Correct
dave
98%
digga d
77%
nemzz
70%
fredo
66%
m huncho
61%
nines
56%
clavish
52%
K trap
49%
unknown t
44%
meekz
30%
potta payper
5%
No matching quizzes found
Score Distribution
Percent of People with Each Score
Percentile by Number Answered
Your Score History
You have not taken this quiz